30 biggest cities in West Virginia - Statistics

General Stats
  • This quiz has been taken 61 times
  • The average score is 15 of 30
Answer Stats
Population City % Correct
46,838 Charleston
100%
45,325 Huntington
95%
30,429 Morgantown
95%
26,208 Wheeling
92%
29,025 Parkersburg
82%
16,576 Beckley
76%
18,935 Martinsburg
68%
13,281 South Charleston
68%
15,489 Clarksburg
66%
18,386 Weirton
66%
9,272 Bluefield
63%
18,155 Fairmont
61%
6,755 Elkins
58%
10,387 St. Albans
47%
9,377 Bridgeport
45%
7,672 Charles Town
45%
6,806 Hurricane
42%
7,724 Moundsville
42%
6,426 Nitro
39%
10,457 Vienna
39%
7,163 Dunbar
32%
4,589 Grafton
32%
7,849 Oak Hill
32%
5,087 New Martinsville
26%
5,055 Buckhannon
24%
4,843 Keyser
21%
4,355 Barboursville
16%
5,642 Princeton
13%
4,043 Westover
5%
5,699 Ranson
0%
No matching quizzes found
Score Distribution
Percent of People with Each Score
Percentile by Number Answered
Your Score History
You have not taken this quiz